| 000 | 00787nam a2200229 a 4500 | ||
|---|---|---|---|
| 001 | 75067 | ||
| 003 | BD-RjUL | ||
| 005 | 20211209082635.0 | ||
| 008 | 190115s2010 bg ||||| |||| 00| f ben d | ||
| 020 |
_a9789848830055 _c: Tk. 150.00 |
||
| 035 | _a(BD-RjUL)75285 | ||
| 040 |
_aBD-RjUL _bben _cBD-RjUL _dBD-RjUL _eBD-RjUL |
||
| 041 | _aben | ||
| 082 |
_223 _a891.443 _bKAB 2010 |
||
| 100 | 1 |
_aকালাম, আযাদ _9226988 |
|
| 245 | 1 |
_aবিরুদ্ধ স্রোতে একা / _cআযাদ কালাম |
|
| 260 |
_aঢাকা : _bবিদ্যা প্রকাশ, _c২০১০ |
||
| 300 |
_a১১৮ পৃ. ; _c২২ সেমি. |
||
| 650 |
_aবাংলা উপন্যাস _9226989 |
||
| 650 |
_aBengali fiction. _9226990 |
||
| 942 |
_2ddc _cBK |
||
| 999 |
_c75067 _d75067 |
||